| 000 | 00644nam a2200241Ia 4500 | ||
|---|---|---|---|
| 003 | OSt | ||
| 005 | 20220924120951.0 | ||
| 006 | a|||||r|||| 00| 0 | ||
| 007 | ta | ||
| 008 | 220923b |||||||| |||| 00| 0 urd d | ||
| 020 | _c4.75 | ||
| 024 | _a319899 | ||
| 037 | _cTextual | ||
| 040 |
_aARTS _cARTS _burd |
||
| 041 |
_2urd _aurd |
||
| 082 | _aO31,1x, 168M1 | ||
| 100 |
_aKhan Ghazi Hameedullah Tr. _9183822 |
||
| 245 | 0 | _aNaladiyar | |
| 260 |
_aDelhi _bTaraqqi urdu beuro India _c1981 |
||
| 650 | _aTAMIL POETRY | ||
| 942 |
_hO31,1x, 168M1 _cTEXL _2CC |
||
| 999 |
_c405213 _d405213 |
||